[Event "IECC CL0-2014.00 email"]
[Site "IECC email"]
[Date "2014.09.30"]
[Round "?"]
[White "Batres Bianchi, Luis Carlos"]
[Black "Lombardi, Donato"]
[Result "0-1"]
[WhiteElo "1151"]
[BlackElo "992"]
[PlyCount "60"]
[EventDate "2014.09.03"]
[EventType "tourn (corr)"]
[EventRounds "4"]
[SourceTitle "Corr 2022"]
[Source "ChessBase"]
[SourceDate "2021.10.24"]
[SourceVersion "1"]
[SourceVersionDate "2021.10.24"]
[SourceQuality "1"]

1. Nf3 Nf6 2. b3 g6 3. Bb2 Bg7 4. d3 0-0 5. Nbd2 d6 6. g3 e5 7. Bg2 Re8 8. 0-0 Be6 9. c4 c5 10. Nxe5 dxe5 11. Bxe5 Nc6 12. Bb2 Rb8 13. a3 Nd4 14. e3 Nc6 15. Qc2 Rc8 16. Rad1 a6 17. Nf3 Bg4 18. h3 Bxf3 19. Bxf3 Qd7 20. Kh2 b5 21. cxb5 axb5 22. Bg2 Ne5 23. Rfe1 Qe6 24. f4 Ned7 25. e4 c4 26. bxc4 bxc4 27. dxc4 Rxc4 28. Qd3 Nc5 29. Qd6 Qxd6 30. Rxd6 Ncxe4 0-1

[Event "CP-2014-P-00042"]
[Site "LSS email"]
[Date "2014.09.30"]
[Round "?"]
[White "Batres Bianchi, Luis Carlos"]
[Black "Oliveira, Diogo"]
[Result "0-1"]
[WhiteElo "1143"]
[BlackElo "2238"]
[PlyCount "60"]
[EventDate "2014.10.01"]
[EventType "tourn (corr)"]
[EventRounds "6"]
[EventCountry "GER"]
[SourceTitle "Corr 2022"]
[Source "ChessBase"]
[SourceDate "2021.10.24"]
[SourceVersion "1"]
[SourceVersionDate "2021.10.24"]
[SourceQuality "1"]

1. Nf3 Nf6 2. b3 c5 3. Bb2 e6 4. d3 d5 5. g3 Nc6 6. Bg2 Bd6 7. 0-0 e5 8. Nbd2 0-0 9. a3 Re8 10. Re1 h6 11. Rc1 e4 12. dxe4 dxe4 13. Nc4 exf3 14. Nxd6 Re7 15. Bxf6 gxf6 16. Nxc8 Rd7 17. Bxf3 Rxd1 18. Rcxd1 Qxc8 19. e3 Qf5 20. Bxc6 bxc6 21. Rd2 a5 22. c3 Rb8 23. b4 cxb4 24. cxb4 axb4 25. axb4 Rxb4 26. Kg2 c5 27. Red1 Qe4+ 28. Kg1 Rb1 29. Rxb1 Qxb1+ 30. Kg2 c4 0-1

[Event "IECC CL0-2014.00 email"]
[Site "IECC email"]
[Date "2014.09.29"]
[Round "?"]
[White "Batres Bianchi, Luis Carlos"]
[Black "Miquel Badenes, Jose"]
[Result "0-1"]
[WhiteElo "1151"]
[BlackElo "1195"]
[PlyCount "58"]
[EventDate "2014.09.03"]
[EventType "tourn (corr)"]
[EventRounds "4"]
[SourceTitle "Corr 2022"]
[Source "ChessBase"]
[SourceDate "2021.10.24"]
[SourceVersion "1"]
[SourceVersionDate "2021.10.24"]
[SourceQuality "1"]

1. Nf3 d5 2. b3 Nf6 3. Bb2 e6 4. d3 g6 5. Nbd2 c6 6. g3 Bg7 7. Bg2 0-0 8. 0-0 Nbd7 9. c4 Re8 10. Re1 e5 11. Qc2 e4 12. dxe4 dxe4 13. Nd4 Nc5 14. b4 Na6 15. a3 c5 16. b5 Nc7 17. N4b3 Bf5 18. e3 b6 19. h3 h5 20. Rad1 Qc8 21. Kh2 Nh7 22. Bxg7 Kxg7 23. Nxe4 Ne6 24. Qc3+ Kg8 25. Nf6+ Nxf6 26. Bxa8 Ne4 27. Bxe4 Ng5 28. Bd5 Be4 29. Nd2 Qxh3+ 0-1

[Event "SF-2014-0-00229"]
[Site "LSS email"]
[Date "2014.04.04"]
[Round "?"]
[White "Batres Bianchi, Luis Carlos"]
[Black "Verich, Oleg"]
[Result "1-0"]
[WhiteElo "1022"]
[BlackElo "1009"]
[PlyCount "157"]
[EventDate "2014.03.02"]
[EventType "tourn (corr)"]
[EventRounds "6"]
[EventCountry "GER"]
[SourceTitle "Corr 2015"]
[Source "ChessBase"]
[SourceDate "2015.07.17"]
[SourceVersion "1"]
[SourceVersionDate "2015.07.17"]
[SourceQuality "1"]

1. Nf3 d5 2. b3 c5 3. Bb2 Nc6 4. d3 Bg4 5. Nbd2 Qc7 6. g3 f6 7. Bg2 e6 8. 0-0 Bd6 9. e4 d4 10. c3 e5 11. h3 Bh5 12. g4 Bf7 13. cxd4 cxd4 14. a3 Nge7 15. Nc4 Na5 16. Rc1 Bxc4 17. bxc4 b6 18. Qc2 Nb7 19. a4 Nc5 20. Rfd1 Ng6 21. Ba3 Ne6 22. Bb2 Nc5 23. h4 Nf4 24. Bf1 Qd7 25. Nh2 Qxa4 26. Qxa4+ Nxa4 27. Ba1 Rc8 28. Rd2 a5 29. Ra2 Nc5 30. Rb2 Rc6 31. Rcb1 Bc7 32. Rd2 Kf7 33. Nf3 Ra8 34. Ne1 a4 35. Nc2 Nb3 36. Rdd1 Bd6 37. Bb2 b5 38. Ba3 bxc4 39. dxc4 Bxa3 40. Nxa3 Kg6 41. Rb2 Rd8 42. Rc2 d3 43. Rc3 Nc5 44. f3 Ne2+ 45. Bxe2 dxe2 46. Re1 Rd1 47. Kf2 Rd3 48. Rec1 Rd2 49. Nb5 Nb3 50. Re1 Nd4 51. Nxd4 exd4 52. Rcc1 d3 53. Ke3 Rd1 54. Rcxd1 exd1Q 55. Rxd1 Rxc4 56. Kxd3 Rb4 57. f4 h5 58. g5 fxg5 59. fxg5 Kf7 60. Rf1+ Ke6 61. Rf5 Rb3+ 62. Kd4 Rh3 63. Ra5 Rxh4 64. Rxa4 Rg4 65. Ra6+ Kf7 66. Ra5 Kg6 67. Ke3 Rxg5 68. Ra6+ Kh7 69. Kf4 Rg6 70. Ra5 Kh6 71. e5 Rg1 72. e6 Rf1+ 73. Ke5 Re1+ 74. Kd6 Rxe6+ 75. Kxe6 Kg6 76. Rf5 h4 77. Ke5 Kh6 78. Kf4 g6 79. Rb5 1-0

[Event "SF-2014-0-00228"]
[Site "LSS email"]
[Date "2014.03.27"]
[Round "?"]
[White "Evsin, Igorj"]
[Black "Batres Bianchi, Luis Carlos"]
[Result "1-0"]
[WhiteElo "1337"]
[BlackElo "1025"]
[PlyCount "43"]
[EventDate "2014.02.20"]
[EventType "tourn (corr)"]
[EventRounds "6"]
[EventCountry "GER"]
[SourceTitle "Corr 2015"]
[Source "ChessBase"]
[SourceDate "2015.07.17"]
[SourceVersion "1"]
[SourceVersionDate "2015.07.17"]
[SourceQuality "1"]

1. e4 c5 2. d4 cxd4 3. c3 dxc3 4. Nxc3 Nc6 5. Nf3 a6 6. Bc4 e6 7. 0-0 Nf6 8. Qe2 b5 9. Bb3 Bb7 10. e5 Ng4 11. h3 Nh6 12. Bxh6 gxh6 13. Ne4 Bg7 14. Nd6+ Ke7 15. Nxb7 Qc7 16. Nd6 Nxe5 17. Rfd1 Rhd8 18. Nxe5 Bxe5 19. Qxe5 Rg8 20. Nf5+ Kd8 21. Qf6+ Kc8 22. Rac1 1-0

[Event "CP-2013-P-00007"]
[Site "LSS email"]
[Date "2013.09.30"]
[Round "?"]
[White "Batres Bianchi, Luis Carlos"]
[Black "Hoeppenstein, Michael"]
[Result "0-1"]
[WhiteElo "1228"]
[BlackElo "2413"]
[PlyCount "42"]
[EventDate "2013.10.01"]
[EventType "tourn (corr)"]
[EventRounds "6"]
[EventCountry "GER"]
[SourceTitle "Corr 2022"]
[Source "ChessBase"]
[SourceDate "2021.10.24"]
[SourceVersion "1"]
[SourceVersionDate "2021.10.24"]
[SourceQuality "1"]

1. Nf3 Nf6 2. b3 d5 3. Bb2 c6 4. d3 Bg4 5. Nbd2 Nbd7 6. g3 e6 7. Bg2 Bd6 8. 0-0 0-0 9. Re1 Re8 10. c4 a5 11. Rc1 a4 12. a3 axb3 13. Qxb3 e5 14. cxd5 cxd5 15. Ng5 Nc5 16. Qd1 Nxd3 17. Qb3 Nxc1 18. Rxc1 Qa5 19. Bc3 Qxa3 20. Qxb7 Qxc1+ 21. Nf1 Qxg5 0-1

[Event "CP-2013-P-00007"]
[Site "LSS email"]
[Date "2013.09.30"]
[Round "?"]
[White "Belanoff, Stuart B"]
[Black "Batres Bianchi, Luis Carlos"]
[Result "1-0"]
[WhiteElo "2302"]
[BlackElo "1228"]
[PlyCount "73"]
[EventDate "2013.10.01"]
[EventType "tourn (corr)"]
[EventRounds "6"]
[EventCountry "GER"]
[SourceTitle "Corr 2022"]
[Source "ChessBase"]
[SourceDate "2021.10.24"]
[SourceVersion "1"]
[SourceVersionDate "2021.10.24"]
[SourceQuality "1"]

1. d4 Nf6 2. c4 g6 3. Nc3 Bg7 4. e4 d6 5. f3 0-0 6. Be3 Nbd7 7. Nge2 b6 8. d5 Bb7 9. Nd4 a6 10. Be2 Re8 11. Qd2 Rc8 12. 0-0 c5 13. dxc6 Bxc6 14. Nxc6 Rxc6 15. Rac1 Ne5 16. Nd5 Nfd7 17. f4 e6 18. Nb4 Rc8 19. fxe5 a5 20. Nd3 Nc5 21. Nxc5 dxc5 22. Qxd8 Rexd8 23. Bf4 Rd4 24. Bf3 Rcd8 25. Rcd1 Rxd1 26. Rxd1 Rd4 27. Rxd4 cxd4 28. Kf2 Kf8 29. Ke2 h6 30. Kd3 g5 31. Bg3 f5 32. exf5 exf5 33. Kxd4 Ke7 34. Kd5 f4 35. Bf2 Kd7 36. e6+ Kc7 37. Bxb6+ 1-0

[Event "CP-2013-P-00007"]
[Site "LSS email"]
[Date "2013.09.30"]
[Round "?"]
[White "Bulgarini Torre, Marco"]
[Black "Batres Bianchi, Luis Carlos"]
[Result "1-0"]
[WhiteElo "2071"]
[BlackElo "1228"]
[PlyCount "41"]
[EventDate "2013.10.01"]
[EventType "tourn (corr)"]
[EventRounds "6"]
[EventCountry "GER"]
[SourceTitle "Corr 2022"]
[Source "ChessBase"]
[SourceDate "2021.10.24"]
[SourceVersion "1"]
[SourceVersionDate "2021.10.24"]
[SourceQuality "1"]

1. e4 c5 2. Nc3 d6 3. g3 Nf6 4. Bg2 e6 5. Nge2 Be7 6. 0-0 0-0 7. h3 Nc6 8. d3 a6 9. Be3 b5 10. e5 Nd5 11. Nxd5 exd5 12. Bxd5 Bb7 13. exd6 Bxd6 14. Bg2 Qf6 15. Nc3 Rfe8 16. Ne4 Qg6 17. Qg4 Qxg4 18. hxg4 Rad8 19. Nxd6 Re7 20. Nxb7 Rxb7 21. Bxc6 1-0

[Event "LSS No Engine Cup 91 Preliminary 6"]
[Site "LSS email"]
[Date "2013.07.13"]
[Round "?"]
[White "Batres Bianchi, Luis Carlos"]
[Black "Stadler, Pavel"]
[Result "0-1"]
[WhiteElo "1066"]
[BlackElo "1408"]
[PlyCount "90"]
[EventDate "2013.07.14"]
[EventType "tourn (corr)"]
[EventRounds "6"]
[EventCountry "GER"]
[SourceTitle "Telechess CBM 167"]
[Source "ChessBase"]
[SourceDate "2015.07.13"]
[SourceVersion "1"]
[SourceVersionDate "2015.07.13"]
[SourceQuality "1"]

1. Nf3 d5 2. d4 Nf6 3. c4 e6 4. Nc3 c6 5. Bg5 Nbd7 6. e4 dxe4 7. Ne5 Be7 8. Be2 0-0 9. 0-0 h6 10. Nxd7 Bxd7 11. Be3 Qc7 12. Qc2 c5 13. Nxe4 cxd4 14. Bxd4 Nxe4 15. Qxe4 Bc6 16. Qe5 Qxe5 17. Bxe5 Rad8 18. Rad1 f6 19. Bc3 e5 20. h3 Kf7 21. Rfe1 Bc5 22. b4 Bb6 23. c5 Bc7 24. b5 Bd5 25. Rd2 Ke6 26. Red1 g6 27. f3 f5 28. Kf2 h5 29. a4 Bb3 30. Rxd8 Rxd8 31. Rxd8 Bxd8 32. a5 Bd5 33. Bd2 Be7 34. Bb4 b6 35. axb6 axb6 36. Ke3 Bxc5+ 37. Bxc5 bxc5 38. Kd2 Kd6 39. Kc3 h4 40. Bd3 Kc7 41. Kd2 Kb6 42. Kc3 Bf7 43. Be2 Be8 44. Bc4 Bxb5 45. Bf7 f4 0-1

[Event "LSS No Engine Cup 91 Preliminary 6"]
[Site "LSS email"]
[Date "2013.07.13"]
[Round "?"]
[White "Miquel Badenes, Indalecio"]
[Black "Batres Bianchi, Luis Carlos"]
[Result "1-0"]
[WhiteElo "1386"]
[BlackElo "1066"]
[PlyCount "67"]
[EventDate "2013.07.14"]
[EventType "tourn (corr)"]
[EventRounds "6"]
[EventCountry "GER"]
[SourceTitle "Telechess CBM 167"]
[Source "ChessBase"]
[SourceDate "2015.07.13"]
[SourceVersion "1"]
[SourceVersionDate "2015.07.13"]
[SourceQuality "1"]

1. c4 c5 2. Nc3 g6 3. g3 Bg7 4. Bg2 Nf6 5. e3 Nc6 6. Nge2 Ne5 7. d3 0-0 8. 0-0 a6 9. Rb1 d5 10. cxd5 Bd7 11. d4 cxd4 12. Nxd4 Qc7 13. e4 Nc4 14. Bf4 Qc8 15. Re1 Nxb2 16. Rxb2 Qxc3 17. Rxb7 Rfc8 18. Be5 Ba4 19. Qb1 Ng4 20. Bxg7 Kxg7 21. Rb4 Rc4 22. Rxc4 Qxc4 23. Qb2 Kg8 24. h3 Nf6 25. Qb7 Rc8 26. Nc6 Re8 27. Nxe7+ Kf8 28. d6 Nd7 29. Qb2 f6 30. Nd5 Kf7 31. Rc1 Qd3 32. Rc7 Bb5 33. Qxf6+ Kg8 34. Ne7+ 1-0

[Event "SF-2013-0-00200"]
[Site "LSS email"]
[Date "2013.07.04"]
[Round "?"]
[White "Guaimare Rodriguez, Carlos Luis"]
[Black "Batres Bianchi, Luis Carlos"]
[Result "1-0"]
[WhiteElo "910"]
[BlackElo "1066"]
[PlyCount "101"]
[EventDate "2013.06.10"]
[EventType "tourn (corr)"]
[EventRounds "6"]
[EventCountry "GER"]
[SourceTitle "Telechess CBM 167"]
[Source "ChessBase"]
[SourceDate "2015.07.13"]
[SourceVersion "1"]
[SourceVersionDate "2015.07.13"]
[SourceQuality "1"]

1. e4 c5 2. Nf3 d6 3. d4 cxd4 4. Nxd4 Nf6 5. Nc3 a6 6. Be3 g6 7. f3 Bg7 8. Qd2 Nbd7 9. 0-0-0 b5 10. Bh6 Bb7 11. Bxg7 Rg8 12. Bh6 Rc8 13. g4 Ne5 14. Be2 Qc7 15. g5 Nfd7 16. f4 Nc4 17. Bxc4 Qxc4 18. f5 Ne5 19. fxg6 hxg6 20. Kb1 b4 21. Na4 Nd7 22. b3 Qc7 23. Qxb4 Bxe4 24. Rhe1 Bxc2+ 25. Nxc2 Qxc2+ 26. Ka1 Ne5 27. Nb6 Rc6 28. Nd5 Kd7 29. Qb7+ Rc7 30. Nxc7 Qxc7 31. Qd5 Qc3+ 32. Kb1 Rc8 33. Qd2 Qxd2 34. Rxd2 Nf3 35. Rde2 Nxe1 36. Rxe1 Rc5 37. Bf8 e5 38. Rd1 Rc6 39. Bg7 Ke6 40. Rc1 Rb6 41. Kb2 a5 42. a3 d5 43. Rc8 e4 44. Re8+ Kd7 45. Ra8 e3 46. Kc3 Re6 47. Kd3 f5 48. gxf6 e2 49. f7 e1N+ 50. Kd4 Nf3+ 51. Kc5 1-0

[Event "BI-2013-P-00018"]
[Site "LSS email"]
[Date "2013.04.22"]
[Round "?"]
[White "Batres Bianchi, Luis Carlos"]
[Black "Edwards, KEDG"]
[Result "1-0"]
[WhiteElo "1075"]
[BlackElo "1616"]
[PlyCount "71"]
[EventDate "2013.04.25"]
[EventType "tourn (corr)"]
[EventRounds "10"]
[EventCountry "GER"]
[SourceTitle "Telechess CBM 167"]
[Source "ChessBase"]
[SourceDate "2015.07.13"]
[SourceVersion "1"]
[SourceVersionDate "2015.07.13"]
[SourceQuality "1"]

1. Nf3 d5 2. b3 c5 3. Bb2 f6 4. d3 Nc6 5. Nbd2 e6 6. g3 Bd6 7. Bg2 Nge7 8. 0-0 0-0 9. Re1 Bd7 10. e3 Qb6 11. d4 cxd4 12. exd4 Nf5 13. c4 Qd8 14. a3 Nce7 15. c5 Bc7 16. a4 Ba5 17. Rc1 Qe8 18. b4 Bxb4 19. Qe2 b6 20. g4 Nh6 21. h3 Nf7 22. cxb6 axb6 23. Ra1 Ng6 24. Qd1 Bxa4 25. Qe2 Nf4 26. Qe3 Bd6 27. Bf1 Qc6 28. Rec1 Qd7 29. g5 Nxg5 30. Nxg5 fxg5 31. Nf3 Bb5 32. Nxg5 Rxa1 33. Bxa1 Bxf1 34. Kxf1 Qb5+ 35. Kg1 Qe8 36. Re1 1-0

[Event "BI-2013-P-00018"]
[Site "LSS email"]
[Date "2013.04.22"]
[Round "?"]
[White "Batres Bianchi, Luis Carlos"]
[Black "Gubo, Jozef"]
[Result "0-1"]
[WhiteElo "1075"]
[BlackElo "1951"]
[PlyCount "66"]
[EventDate "2013.04.25"]
[EventType "tourn (corr)"]
[EventRounds "10"]
[EventCountry "GER"]
[SourceTitle "Telechess CBM 167"]
[Source "ChessBase"]
[SourceDate "2015.07.13"]
[SourceVersion "1"]
[SourceVersionDate "2015.07.13"]
[SourceQuality "1"]

1. Nf3 g6 2. b3 Nf6 3. Bb2 Bg7 4. d3 c5 5. Nbd2 Nc6 6. g3 d5 7. Bg2 d4 8. 0-0 Nd5 9. Re1 0-0 10. a3 Bg4 11. h3 Bd7 12. Ne4 b6 13. Rc1 Bf5 14. c4 Bxe4 15. dxe4 Nc3 16. Qc2 Rb8 17. Bxc3 dxc3 18. Red1 Qc7 19. e3 b5 20. cxb5 Rxb5 21. Ne1 Qb6 22. Rb1 Rb8 23. Rd5 e6 24. Rd6 Bf8 25. Rd3 c4 26. Rxc3 Rxb3 27. Rbxb3 cxb3 28. Qb1 Ne5 29. Bf1 Bxa3 30. Bg2 Qb4 31. Rc7 Qa5 32. Rc2 Qxe1+ 33. Qxe1 bxc2 0-1

[Event "BI-2013-P-00018"]
[Site "LSS email"]
[Date "2013.04.22"]
[Round "?"]
[White "Bauer, Rudolf"]
[Black "Batres Bianchi, Luis Carlos"]
[Result "1-0"]
[WhiteElo "1736"]
[BlackElo "1075"]
[PlyCount "53"]
[EventDate "2013.04.25"]
[EventType "tourn (corr)"]
[EventRounds "10"]
[EventCountry "GER"]
[SourceTitle "Telechess CBM 167"]
[Source "ChessBase"]
[SourceDate "2015.07.13"]
[SourceVersion "1"]
[SourceVersionDate "2015.07.13"]
[SourceQuality "1"]

1. e4 c5 2. Nf3 d6 3. d4 cxd4 4. Nxd4 Nf6 5. Nc3 a6 6. Bg5 Nbd7 7. Be2 Qc7 8. 0-0 b5 9. Nd5 Nxd5 10. exd5 h6 11. Bd2 Bb7 12. a4 Bxd5 13. axb5 a5 14. Bf3 Bxf3 15. Qxf3 Rc8 16. Bxa5 Qc5 17. Rfd1 g6 18. Ra3 Ne5 19. Qb7 f6 20. Bb6 Qc4 21. Rc3 Qxc3 22. bxc3 Rxc3 23. Bc7 Kf7 24. Bxd6 Nc4 25. Qd5+ Kg7 26. Bxe7 Bxe7 27. Ne6+ 1-0

[Event "SF-2013-0-00191"]
[Site "LSS email"]
[Date "2013.03.27"]
[Round "?"]
[White "Batres Bianchi, Luis Carlos"]
[Black "Trevis, Robert R"]
[Result "0-1"]
[WhiteElo "1082"]
[BlackElo "1041"]
[PlyCount "64"]
[EventDate "2013.02.13"]
[EventType "tourn (corr)"]
[EventRounds "6"]
[EventCountry "GER"]
[SourceTitle "Telechess CBM 163"]
[Source "ChessBase"]
[SourceDate "2014.11.11"]
[SourceVersion "2"]
[SourceVersionDate "2014.11.11"]
[SourceQuality "1"]

1. Nf3 d6 2. d4 Nf6 3. c4 Nbd7 4. Nc3 e5 5. dxe5 dxe5 6. Qc2 Bd6 7. e4 0-0 8. Be2 c6 9. 0-0 Nc5 10. b4 Ne6 11. c5 Bb8 12. Rd1 Nd4 13. Nxd4 exd4 14. Qd3 Qc7 15. g3 dxc3 16. Bf4 Qe7 17. Bxb8 Rxb8 18. Rac1 Nxe4 19. Re1 Rd8 20. Qe3 Qe5 21. f4 Qd4 22. Bf3 Nd2 23. Qxd4 Nxf3+ 24. Kf2 Nxd4 25. Rxc3 Be6 26. a3 Rd7 27. Re5 Rbd8 28. Re1 f6 29. Rd1 Bg4 30. Rd2 Re7 31. Re3 Rxe3 32. Kxe3 Nf5+ 0-1

[Event "BI-2012-F-00019"]
[Site "LSS email"]
[Date "2013.02.15"]
[Round "?"]
[White "Lombardi, Donato"]
[Black "Batres Bianchi, Luis Carlos"]
[Result "0-1"]
[WhiteElo "926"]
[BlackElo "1119"]
[PlyCount "60"]
[EventDate "2013.02.20"]
[EventType "tourn (corr)"]
[EventRounds "10"]
[EventCountry "GER"]
[SourceTitle "Telechess CBM 161"]
[Source "ChessBase"]
[SourceDate "2014.07.16"]
[SourceVersion "1"]
[SourceVersionDate "2014.07.16"]
[SourceQuality "1"]

1. e4 c5 2. Nf3 d6 3. d4 cxd4 4. Nxd4 Nf6 5. Nc3 a6 6. Be3 b5 7. a3 Bb7 8. Bd3 Nbd7 9. 0-0 Qc7 10. f4 e6 11. Qf3 Be7 12. Rad1 0-0 13. f5 e5 14. Nde2 Rfe8 15. Ng3 Rec8 16. Nd5 Nxd5 17. exd5 Nf6 18. Ne4 Nxd5 19. f6 Nxf6 20. Nxf6+ Bxf6 21. Qg4 Qe7 22. Qh5 g6 23. Qg4 e4 24. Be2 Rxc2 25. Bh6 Bg7 26. Bxg7 Kxg7 27. b3 h5 28. Qg3 Rxe2 29. Rxd6 e3 30. Rdd1 Rxg2+ 0-1

[Event "LSS No Engine Cup 80 Preliminary 2"]
[Site "LSS email"]
[Date "2013.01.05"]
[Round "?"]
[White "Batres Bianchi, Luis Carlos"]
[Black "Amuso, Jose Alberto"]
[Result "1-0"]
[WhiteElo "1119"]
[BlackElo "989"]
[PlyCount "61"]
[EventDate "2013.01.06"]
[EventType "tourn (corr)"]
[EventRounds "6"]
[EventCountry "GER"]
[SourceTitle "Telechess CBM 161"]
[Source "ChessBase"]
[SourceDate "2014.07.16"]
[SourceVersion "1"]
[SourceVersionDate "2014.07.16"]
[SourceQuality "1"]

1. Nf3 Nf6 2. b3 Nc6 3. Bb2 d6 4. d3 Bg4 5. Nbd2 e5 6. h3 Bxf3 7. Nxf3 Nd7 8. c4 Be7 9. g3 0-0 10. Bg2 Nc5 11. 0-0 Qc8 12. a3 Ne6 13. Qc2 Bf6 14. b4 a6 15. e3 Qd7 16. Rac1 Rfb8 17. Rfd1 b6 18. d4 exd4 19. exd4 Ne7 20. Rd3 d5 21. cxd5 Nxd5 22. Ne5 Bxe5 23. dxe5 c6 24. Qxc6 Qxc6 25. Rxc6 Ndc7 26. Rd7 Nb5 27. a4 Na7 28. Rcd6 Nf8 29. Rc7 b5 30. Bxa8 Rxa8 31. Rxa6 1-0

[Event "LSS No Engine Cup 80 Preliminary 2"]
[Site "LSS email"]
[Date "2013.01.05"]
[Round "?"]
[White "Lonyuk, Bohdan"]
[Black "Batres Bianchi, Luis Carlos"]
[Result "0-1"]
[WhiteElo "1098"]
[BlackElo "1119"]
[PlyCount "90"]
[EventDate "2013.01.06"]
[EventType "tourn (corr)"]
[EventRounds "6"]
[EventCountry "GER"]
[SourceTitle "Telechess CBM 161"]
[Source "ChessBase"]
[SourceDate "2014.07.16"]
[SourceVersion "1"]
[SourceVersionDate "2014.07.16"]
[SourceQuality "1"]

1. e4 c5 2. Nf3 d6 3. Bb5+ Nd7 4. d4 cxd4 5. Qxd4 a6 6. Bxd7+ Bxd7 7. Nc3 Nf6 8. Bg5 e5 9. Qd3 Be7 10. 0-0-0 0-0 11. Bxf6 gxf6 12. Nd5 Rc8 13. Nxe7+ Qxe7 14. Qxd6 Qxd6 15. Rxd6 Be6 16. b3 a5 17. Rb6 Rc7 18. Nd2 Rd8 19. f3 Rdd7 20. Rd1 Rd4 21. Nb1 Rxd1+ 22. Kxd1 f5 23. Rb5 a4 24. Rb4 axb3 25. axb3 Rd7+ 26. Ke2 fxe4 27. Rxe4 f6 28. c4 Bf5 29. Nc3 Bxe4 30. Nxe4 Kf7 31. Ke3 Rd1 32. c5 Rb1 33. Nd2 Rc1 34. b4 Ke6 35. Kd3 f5 36. Nb3 Rg1 37. g3 Kd7 38. Na5 Kc7 39. Kc4 Rd1 40. Kb5 e4 41. fxe4 fxe4 42. Nc4 Rh1 43. Ne3 Rxh2 44. Kc4 Rd2 45. Kc3 Rd3+ 0-1

[Event "SE-2012-0-00129"]
[Site "LSS email"]
[Date "2012.12.27"]
[Round "?"]
[White "Batres Bianchi, Luis Carlos"]
[Black "Loktayev, Vladislav"]
[Result "0-1"]
[WhiteElo "1075"]
[BlackElo "1682"]
[PlyCount "52"]
[EventDate "2012.11.20"]
[EventType "tourn (corr)"]
[EventRounds "6"]
[EventCountry "GER"]
[SourceTitle "Telechess CBM 167"]
[Source "ChessBase"]
[SourceDate "2015.07.13"]
[SourceVersion "1"]
[SourceVersionDate "2015.07.13"]
[SourceQuality "1"]

1. Nf3 Nf6 2. b3 d5 3. Bb2 Nc6 4. d3 Bg4 5. Nbd2 h6 6. g3 e6 7. Bg2 Be7 8. 0-0 0-0 9. Re1 a5 10. h3 Bh5 11. Ne5 Nxe5 12. c4 Nxd3 13. Qc2 Nxe1 14. Rxe1 Bg6 15. e4 dxe4 16. Nxe4 Nxe4 17. Bxe4 Bxe4 18. Rxe4 Bf6 19. Bxf6 Qxf6 20. c5 c6 21. Qe2 Rfd8 22. Kg2 Rd4 23. Re3 Rad8 24. Rf3 Qe7 25. Rf5 R8d5 26. Rxd5 Rxd5 0-1

[Event "SE-2012-0-00129"]
[Site "LSS email"]
[Date "2012.12.27"]
[Round "?"]
[White "Batres Bianchi, Luis Carlos"]
[Black "Morau, Jose Roberto"]
[Result "1-0"]
[WhiteElo "1075"]
[BlackElo "1194"]
[PlyCount "97"]
[EventDate "2012.11.20"]
[EventType "tourn (corr)"]
[EventRounds "6"]
[EventCountry "GER"]
[SourceTitle "Telechess CBM 167"]
[Source "ChessBase"]
[SourceDate "2015.07.13"]
[SourceVersion "1"]
[SourceVersionDate "2015.07.13"]
[SourceQuality "1"]

1. Nf3 Nf6 2. b3 d5 3. Bb2 Bg4 4. Ne5 Bf5 5. d3 e6 6. Nd2 Bd6 7. Ndf3 0-0 8. c4 Nbd7 9. Nxd7 Nxd7 10. g3 c6 11. Bg2 e5 12. 0-0 Be6 13. Nd2 Qg5 14. Nf3 Qd8 15. Qd2 dxc4 16. dxc4 Bc7 17. Rad1 h6 18. e4 Qe7 19. Qc2 Bg4 20. Rd3 Nc5 21. Rd2 Rad8 22. Rfd1 Ba5 23. Rxd8 Rxd8 24. Rxd8+ Bxd8 25. Nxe5 Be6 26. b4 Nd7 27. Nxd7 Bxd7 28. Qd3 Bg4 29. h3 Bh5 30. f4 Bg6 31. f5 Bh7 32. c5 a6 33. e5 Kf8 34. Be4 Bg8 35. f6 gxf6 36. exf6 Qe6 37. Qd6+ Qxd6 38. cxd6 Bb6+ 39. Kg2 Ke8 40. Bf5 a5 41. a3 axb4 42. axb4 Be3 43. Bc3 Bg5 44. h4 Be3 45. Kf3 Bg1 46. Be5 b6 47. d7+ Kd8 48. Bd6 Bd4 49. Be7+ 1-0

[Event "SE-2012-0-00129"]
[Site "LSS email"]
[Date "2012.12.27"]
[Round "?"]
[White "Camps, Jean Pierre"]
[Black "Batres Bianchi, Luis Carlos"]
[Result "1-0"]
[WhiteElo "1792"]
[BlackElo "1075"]
[PlyCount "35"]
[EventDate "2012.11.20"]
[EventType "tourn (corr)"]
[EventRounds "6"]
[EventCountry "GER"]
[SourceTitle "Telechess CBM 167"]
[Source "ChessBase"]
[SourceDate "2015.07.13"]
[SourceVersion "1"]
[SourceVersionDate "2015.07.13"]
[SourceQuality "1"]

1. e4 c5 2. c3 d5 3. exd5 Qxd5 4. d4 Nf6 5. Nf3 Nc6 6. Be2 Bg4 7. h3 Bh5 8. c4 Qd8 9. d5 Nb8 10. Nc3 Nbd7 11. 0-0 Qc7 12. Nb5 Qc8 13. Bf4 Nb6 14. Nc7+ Kd8 15. Ng5 Bg6 16. Bd3 Kd7 17. Bxg6 fxg6 18. Qe2 1-0